Desarrollo de rotores para turbina el̤ica de 200 vatios mediante la implementacin̤ de tecnologa̕ local

Colombia cuenta con un potencial el̤ico aprovechable cercano a los 21.000 MW; sin embargo, la tecnologa̕ utilizada hasta ahora es completamente forǹea y la apropiacin̤ del conocimiento hecha en el m̀bito nacional es insuficiente para pretender iniciar un desarrollo industrial para la produccin̤ de...

Description complète

Enregistré dans:
Détails bibliographiques
Autres auteurs: Gm̤ez-Rivera William, Aperador-Chaparro William, Delgado-Tobn̤ Emilio, Pontificia Universidad Javeriana
Format: Livre
Langue:espagnol
Sujets:
Accès en ligne:Desarrollo de rotores para turbina el̤ica de 200 vatios mediante la implementacin̤ de tecnologa̕ local
Tags: Ajouter un tag
Pas de tags, Soyez le premier à ajouter un tag!

MARC

LEADER 00000nam a22000004a 4500
001 vpro13637
005 20201223000000.0
008 180709s2018 ck # g## #001 0#spa#d
020 |a 0123-2126 (versin̤ impresa) ; 2011-2769 (versin̤ online) 
022
040 |a CO-BoINGC 
041 0 |a spa 
245 1 0 |a Desarrollo de rotores para turbina el̤ica de 200 vatios mediante la implementacin̤ de tecnologa̕ local 
246 |a Rotor development for a small wind turbine (200 watts) through local technology implementation 
264 |a Bogot ̀(Colombia) :  |b Revista VirtualPRO,  |c 2018 
520 3 |a Colombia cuenta con un potencial el̤ico aprovechable cercano a los 21.000 MW; sin embargo, la tecnologa̕ utilizada hasta ahora es completamente forǹea y la apropiacin̤ del conocimiento hecha en el m̀bito nacional es insuficiente para pretender iniciar un desarrollo industrial para la produccin̤ de turbinas el̤icas. Este artc̕ulo corresponde a la primera fase de desarrollo de rotores para turbinas el̤icas de baja potencia (200 W), en el que se muestra el proceso de seleccin̤ de los parm̀etros aerodinm̀icos involucrados en el diseǫ e implementacin̤ de dos rotores con diferente perfil (NACA 4412 y NACA 2509). Se incluyen el modelamiento mecǹico, el anl̀isis aerodinm̀ico y estructural de los dos rotores, as ̕como el comparativo de eficiencia energťica obtenido en condiciones de laboratorio. 
650 \ \ |a Energa̕ el̤ica 
650 \ \ |a Turbinas 
650 \ \ |a Wind energy 
650 \ \ |a Turbines 
650 \ \ |a Diseǫ de rotores 
650 \ \ |a Turbinas de aire 
650 \ \ |a Industria de energa̕ el̤ica 
650 \ \ |a Desarrollocientf̕ico y tecnolg̤ico 
650 \ \ |a Design of rotors 
650 \ \ |a Air-turbines 
650 \ \ |a wind power industry 
650 \ \ |a Scientific and technologicaldevelopment  
700 \ \ |a Gm̤ez-Rivera William 
700 \ \ |a Aperador-Chaparro William 
700 \ \ |a Delgado-Tobn̤ Emilio  
700 \ \ |a Pontificia Universidad Javeriana. 
856 |z Desarrollo de rotores para turbina el̤ica de 200 vatios mediante la implementacin̤ de tecnologa̕ local  |u https://virtualpro.unach.elogim.com/biblioteca/desarrollo-de-rotores-para-turbina-eolica-de-200-vatios-mediante-la-implementacion-de-tecnologia-local